Cumul des lettres des régions italiennes - Statistiques

Statistiques générales
  • Ce quiz a été pris 15 fois
  • Le résultat moyen est 2 sur 15
Statistiques - réponses
Nombre Lettre % Correct
30 E
100%
18 A
36%
22 I
36%
11 N
18%
1 F / J
9%
2 H / Z
9%
14 L
9%
9 M / O
9%
10 R / T
9%
5 B
0%
6 C
0%
4 D / G
0%
3 P / V
0%
8 S
0%
7 U
0%
Aucun quiz correspondant
Distribution des résultats
% des personnes avec chaque résultat
Percentile par nombre de réponses
Votre historique - résultats
Vous n’avez pas pris ce quiz